Countries That Didn't Return To Eurovision - Statistics

General Stats
  • This quiz has been taken 282 times
  • The average score is 6 of 7
Answer Stats
Last Entry Country % Correct
1980 Morocco
94%
2006 Monaco
88%
2016 Bosnia & Herzegovina
86%
1993 Luxembourg
84%
2012 Turkey
84%
2009 Andorra
83%
2012 Slovakia
80%
No matching quizzes found
Score Distribution
Percent of People with Each Score
Percentile by Number Answered
Your Score History
You have not taken this quiz